000 00388nam a2200145Ia 4500
008 230411s9999 xx 000 0 und d
020 _a978-93-5025-364-9
041 _aeng
082 _aF/610.73069/CLE/B06769
100 _aClement I
_9119826
245 _aTextbook of Nursing Foundations
260 _bJaypee Brothers
_aNew Delhi
_c2011
300 _a714p
999 _c157102
_d157102